Cambó y el desarrollo (Record no. 30392)

MARC details
000 -LEADER
campo de control de longitud fija 00684nam a2200193 i 4500
001 - NÚMERO DE CONTROL
campo de control 30392
003 - IDENTIFICADOR DE NÚMERO DE CONTROL
campo de control ES-MaACL
005 - FECHA Y HORA DE LA ÚLTIMA TRANSACCIÓN
campo de control 20240219222655.0
008 - DATOS DE LONGITUD FIJA--INFORMACIÓN GENERAL
campo de control de longitud fija 030124s1974 ag f |||| |bspa d
100 1# - ENTRADA PRINCIPAL--NOMBRE DE PERSONA
Nombre de persona Bausili, Andrés.
9 (RLIN) 26614
245 10 - MENCIÓN DEL TÍTULO
Título Cambó y el desarrollo
Resto del título : acontecer económico en su época y en el mundo contemporáneo /
Mención de responsabilidad, etc. Andrés Bausili.
260 ## - PUBLICACIÓN, DISTRIBUCIÓN, ETC.
Lugar de publicación, distribución, etc. Buenos Aires :
Nombre del editor, distribuidor, etc. Institución Cultural Española,
Fecha de publicación, distribución, etc. 1974.
300 ## - DESCRIPCIÓN FÍSICA
Extensión 382 p., 1 lám. col. ;
Dimensiones 21 cm.
600 14 - PUNTO DE ACCESO ADICIONAL DE MATERIA--NOMBRE DE PERSONA
Nombre de persona Cambó, Francesc,
Fechas asociadas al nombre 1876-1947
9 (RLIN) 34032
710 2# - ENTRADA AGREGADA--NOMBRE DE ENTIDAD CORPORATIVA
Nombre de entidad corporativa o nombre de jurisdicción como elemento de entrada Institución Cultural Española (Buenos Aires)
9 (RLIN) 4714
852 ## - LOCALIZACIÓN
Ubicación ES-MaACL
Número de control de estantería A-7606
852 ## - LOCALIZACIÓN
Ubicación ES-MaACL
Número de control de estantería A-8047
Holdings
Estatus retirado Estado de pérdida Estado de daño No para préstamo Biblioteca de origen Biblioteca actual Ubicación en estantería Fecha de adquisición Fuente de adquisición Total de préstamos Signatura topográfica completa Código de barras Visto por última vez Precio de reemplazo Tipo de ítem Koha
        Biblioteca del Ateneo de Madrid Biblioteca del Ateneo de Madrid Sala Pecera Planta 1 17/01/2008     A-7606 1031375 23/02/2023 23/02/2023 Libro impreso
        Biblioteca del Ateneo de Madrid Biblioteca del Ateneo de Madrid Sala Pecera Planta 1 13/03/2012     A-8047 1189102 23/02/2023 23/02/2023 Libro impreso